British Colonies, Dominions and Protectorates 1930 - Statistics

General Stats
  • This quiz has been taken 176 times
  • The average score is 27 of 63
Answer Stats
Colony or Protectorate % Correct
Canada
86%
Australia
83%
New Zealand
80%
South Africa
78%
Malta
75%
Cyprus
70%
Kenya
67%
Sudan
67%
Bahamas
64%
Hong Kong
64%
Jamaica
63%
Nigeria
61%
Burma
60%
Gambia
59%
Irish Free State
58%
Kuwait
58%
Newfoundland
58%
Uganda
58%
Sierra Leone
57%
British Honduras
56%
Gibraltar
56%
Swaziland
56%
Ceylon
55%
Bahrain
54%
Barbados
53%
Qatar
53%
Gold Coast
52%
Maldives
52%
Brunei
50%
Northern Rhodesia
49%
Seychelles
48%
Southern Rhodesia
47%
Zanzibar
47%
Mauritius
46%
British India
45%
Bermuda
43%
Aden
41%
British Somaliland
41%
Nyasaland
39%
Tonga
37%
Basutoland
36%
Falkland Islands
35%
Bechuanaland
34%
British Guiana
33%
Trucial States
28%
Sarawak
24%
Cayman Islands
22%
Leeward Islands
20%
Windward Islands
20%
Johor
19%
North Borneo
16%
Straits Settlements
14%
Federated Malay States
11%
Sikkim
10%
Malacca
8%
Muscat and Oman
8%
British Solomon Islands
6%
Kedah
6%
Kelantan
5%
Perlis
4%
Terengganu
4%
Barotseland
3%
Northern Territories of the Gold Coast
1%
No matching quizzes found
Score Distribution
Percent of People with Each Score
Percentile by Number Answered
Your Score History
You have not taken this quiz